000 00431cam a2200133 a 4500
020 _a9781433115165 (hardcover : alk. paper)
050 0 0 _aPS3619.C42
_bG46 2011
100 1 _aSchlitt, Dale M.
245 1 0 _aGenerosity and gratitude :
_ba philosophical psalm /
_cDale M. Schlitt.
260 _aNew York :
_bPeter Lang,
_cc2011.
300 _axvi, 136 p. ;
650 _xGenerosity -- Religious aspects ;
_xGratitude.
942 _2lcc
_cGEN
999 _c10673
_d10673